000 00472 a2200157 4500
999 _c5303
_d5303
020 _a1535104 - EBS ref
050 _aPZ7 SCA 2002
100 _aScarry, Richard
_eauthor
245 _aRichard Scarry's little big book /
_cRichard Scarry
264 _aGstaad, Switzerland :
_bThe Richard Scarry Corporation,
_c2002.
300 _a96p. :
500 _aChildren's stories.
650 _aChildren's stories.
650 _aChildren--short stories
942 _2lcc
_cBK
_h7
_iSCA
_kPZ